Spotřební daně po novele Úplné znění zákona s vysvětlivkami

K novele zákona o spotrebných daniach. Zákon č. 587/1992 Zb., o spotrebných daniach, v znení neskorších predpisov. Otázky a odpovede k novele zákona o spotrebných daniach.

Guardado en:
Detalles Bibliográficos
Autor principal: Klak, J.
Formato: Capítulo de libro
Lenguaje:checo
Materias:
Etiquetas: Agregar Etiqueta
Sin Etiquetas, Sea el primero en etiquetar este registro!

MARC

LEADER 00000naa a2200000 4500
001 r014811
005 20221213082051.5
041 0 |a cze 
044 |a CZ 
245 1 0 |a Spotřební daně po novele  |b Úplné znění zákona s vysvětlivkami  |c J. Klak 
520 |a K novele zákona o spotrebných daniach. Zákon č. 587/1992 Zb., o spotrebných daniach, v znení neskorších predpisov. Otázky a odpovede k novele zákona o spotrebných daniach. 
610 2 0 |a dane spotrebné 
610 2 0 |a zákony 
610 2 0 |a 1992 
610 2 0 |a 1993 
100 1 |a Klak, J.